Datum a čas kvízu
26
Celkem bodů
Celkový počet nahraných bodů na tomto kvízu bez doplňovacích otázek.
5.
Pořadí na kvízu
Konečné umístění týmu na tomto kvízu.
Zaznamenané odpovědi
| # | Otázka | Odpověď | Body | Výsledky |
|---|---|---|---|---|
| 1. | Sněmovna schválila minulý týde... | tři přihlášky | 1 | |
| 2. | Jeden bývalý evropský premiér... | Boris Johnson | 0 | |
| 3. | Doplňte slovo do názvu časosbě... | Havel | 0 | |
| 4. | Kopřivnická Tatra představila... | vodík | 1 | |
| 5. | Který hokejista, bývalý reprez... | Tomáš Plekanec | 1 | |
| 6. | Naše téma nezačneme v kurníku,... | Fabergého vejce | 1 | |
| 7. | Barvíte velikonoční vajíčka? T... | 1D 2A 3B 4C | 0 | |
| 8. | Která z vajec na obrázku snesl... | B | 0 | |
| 9. | Napište název americké romanti... | 50x a stále poprvé | 0 | |
| 10. | Vyberte nepravdivé tvrzení. | C | 0 |